Шантаж (Запись № 6766942)

Подробности
000 -МАРКЕР
контрольное поле 01263nam0a22003011 4500
001 - ИДЕНТИФИКАТОР ЗАПИСИ
контрольное поле rc\77378
005 - ИДЕНТИФИКАТОР ВЕРСИИ
контрольное поле 20251215173120.0
010 ## - МЕЖДУНАРОДНЫЙ СТАНДАРТНЫЙ НОМЕР КНИГИ (ISBN)
Номер (ISBN) 5-86595-109-2
Тираж 50000
035 ## - ДРУГИЕ СИСТЕМНЫЕ НОМЕРА
Идентификатор записи (NLR Aleph) 005348115
100 ## - ДАННЫЕ ОБЩЕЙ ОБРАБОТКИ
Данные общей обработки 20021216d1994 u y0rusy50 ca
101 0# - ЯЗЫК РЕСУРСА
Язык текста, звукозаписи и т.д. русский
102 ## - СТРАНА ПУБЛИКАЦИИ ИЛИ ПРОИЗВОДСТВА
Страна публикации Российская Федерация
105 ## - ПОЛЕ КОДИРОВАННЫХ ДАННЫХ: ТЕКСТОВЫЕ МАТЕРИАЛЫ, МОНОГРАФИЧЕСКИЕ
Кодированные данные о монографическом текстовом документе a |||||||||
200 1# - ЗАГЛАВИЕ И СВЕДЕНИЯ ОБ ОТВЕТСТВЕННОСТИ
Основное заглавие Шантаж
Сведения, относящиеся к заглавию [Романы
-- Фр. детектив
-- Пер. с фр.
Первые сведения об ответственности Худож. М. Драко]
210 ## - ПУБЛИКАЦИЯ, РАСПРОСТРАНЕНИЕ И ДР.
Место издания, распространения и т.д. М. и др.
Имя издателя, распространителя и т. д. Интердайджест
Дата издания, распространения и т.д. 1994
215 ## - ФИЗИЧЕСКАЯ ХАРАКТЕРИСТИКА
Специфическое обозначение материала и объем 342, [7] с.
Другие сведения о физической характеристике ил.
Размеры 22
225 1# - СЕРИЯ
Основное заглавие серии Супер
Сведения, относящиеся к заглавию Криминальный клуб
327 1# - ПРИМЕЧАНИЯ О СОДЕРЖАНИИ
Текст примечания Содерж.: Шантаж / Ж. Брюс. Лифт на эшафот / Н. Калеф. Бег зайца / С. Жапризо
464 #0 - АНАЛИТИЧЕСКИЙ УРОВЕНЬ
Встроенное поле 2001#$aШантаж
-- 700#1$3RU\NLR\AUTH\770156235$aБрюс$bЖ.$f1921-1963$gЖан
Заглавие Шантаж
Автор Брюс, Жан (1921-1963)
464 #0 - АНАЛИТИЧЕСКИЙ УРОВЕНЬ
Встроенное поле 2001#$aЛифт на эшафот
-- 700#1$aКалеф$bН.
Заглавие Лифт на эшафот
Автор Калеф, Н.
464 #0 - АНАЛИТИЧЕСКИЙ УРОВЕНЬ
Встроенное поле 2001#$aБег зайца
-- 700#1$aЖапризо$bС.
Заглавие Бег зайца
Автор Жапризо, С.
801 #0 - ИСТОЧНИК ЗАПИСИ
Страна Российская Федерация
Организация NLR
Правила каталогизации psbo
801 #1 - ИСТОЧНИК ЗАПИСИ
Страна Российская Федерация
Организация ELAR
Источник данных rusmarc
852 ## - МЕСТОНАХОЖДЕНИЕ И ШИФР ХРАНЕНИЯ
Идентификатор организации NLR
Шифр хранения (Call Number) 94-5/1467
942 ## - ДОПОЛНИТЕЛЬНЫЕ ЭЛЕМЕНТЫ ЗАПИСИ (АБИС)
Тип экземпляра АБИС Книга
980 ## - КОЛЛЕКЦИЯ
Название коллекции Национальная библиография
Экземпляры
Тип экземпляра Дата поступления Библиотека постоянного хранения Библиотека текущего хранения Место хранения Шифр хранения Штрих-код Статус экземпляра
Книга 26.10.2013 РНБ (Московский) РНБ (Московский) Русский книжный фонд: издания с 1957 года 94-5/1467 5348115-10